Polscy medaliści zimowych igrzysk olimpijskich - Statystyki

Ogólne statystyki
  • Ten quiz został rozwiązany 24 razy
  • Średni wynik to 22 z 27
Statystyki odpowiedzi
Dyscyplina Kolor medalu Medalista/medaliści % Poprawnych
Biegi narciarskie Złoto Justyna Kowalczyk
100%
Biegi narciarskie Złoto Justyna Kowalczyk
100%
Biegi narciarskie Srebro Justyna Kowalczyk
100%
Biegi narciarskie Brąz Justyna Kowalczyk
100%
Biegi narciarskie Brąz Justyna Kowalczyk
100%
Skoki narciarskie Złoty Kamil Stoch
100%
Skoki narciarskie Złoty Kamil Stoch
100%
Skoki narciarskie Złoty Kamil Stoch
100%
Skoki narciarskie Brązowy Maciej Kot| Stefan Hula| Dawid Kubacki| Kamil Stoch
100%
Skoki narciarskie Brązowy Adam Małysz
95%
Skoki narciarskie Srebrny Adam Małysz
95%
Skoki narciarskie Srebrny Adam Małysz
95%
Skoki narciarskie Srebrny Adam Małysz
95%
Skoki narciarskie Złoty Wojciech Fortuna
95%
Skoki narciarskie Brązowy Dawid Kubacki
86%
Skoki narciarskie Brązowy Kacper Tomasiak
86%
Skoki narciarskie Srebrny Kacper Tomasiak
86%
Skoki narciarskie Srebrny Kacper Tomasiak| Paweł Wąsek
86%
Łyżwiarstwo szybkie Brązowy Konrad Niedźwiedzki| Jan Szymański| Zbigniew Bródka
86%
Łyżwiarstwo szybkie Złoty Zbigniew Bródka
86%
Biathlon Srebro Tomasz Sikora
73%
Łyżwiarstwo szybkie Srebrny Katarzyna Bachleda-Curuś| Katarzyna Woźniak| Natalia Czerwonka| Luiza Złotkowska
59%
Łyżwiarstwo szybkie Brązowy Katarzyna Bachleda-Curuś| Katarzyna Woźniak| Luiza Złotkowska
55%
Kombinacja norweska Brązowy Franciszek Gąsienica Groń
27%
Łyżwiarstwo szybkie Srebrny Elwira Seroczyńska
18%
Łyżwiarstwo szybkie Brązowy Helena Pilejczyk
18%
Łyżwiarstwo szybkie Srebrny Władimir Siemirunnij
18%
Nie znaleziono quizów pasujących do podanych kryteriów
Rozkład punktacji
Procent ludzi z każdym wynikiem
Percentyl według liczby udzielonych odpowiedzi
Twoja historia wyników
Nie rozwiązałeś tego quizu